<?xml version="1.0" encoding="UTF-8"?>
<collection xmlns="http://www.loc.gov/MARC21/slim">
 <record>
  <leader>00461cam a2200157 7i4500</leader>
  <controlfield tag="001">0000047075</controlfield>
  <controlfield tag="005">20051030090000.0</controlfield>
  <datafield tag="020" ind1="#" ind2="0">
   <subfield code="a">0486402126 </subfield>
  </datafield>
  <datafield tag="090" ind1="0" ind2="0">
   <subfield code="a">QD 931 </subfield>
   <subfield code="b">W3</subfield>
  </datafield>
  <datafield tag="100" ind1="1" ind2="#">
   <subfield code="a">Wallace </subfield>
  </datafield>
  <datafield tag="245" ind1="1" ind2="0">
   <subfield code="a">Thermodynamics of crystals  </subfield>
   <subfield code="c">Duane C. Wallace.</subfield>
  </datafield>
  <datafield tag="260" ind1="#" ind2="#">
   <subfield code="a">Mineola, N.Y.: </subfield>
   <subfield code="b">Dover Publications, </subfield>
   <subfield code="c">1998.</subfield>
  </datafield>
  <datafield tag="300" ind1="#" ind2="#">
   <subfield code="a">xviii, 484 p.: </subfield>
   <subfield code="b">ill.; </subfield>
   <subfield code="c">22 cm..</subfield>
  </datafield>
  <datafield tag="650" ind1="0" ind2="0">
   <subfield code="a">Crystal lattices </subfield>
  </datafield>
  <datafield tag="650" ind1="0" ind2="0">
   <subfield code="a">Thermodynamics </subfield>
  </datafield>
  <datafield tag="999" ind1=" " ind2=" ">
   <subfield code="a">1100037633</subfield>
   <subfield code="b">Book</subfield>
   <subfield code="c">Open Shelf</subfield>
   <subfield code="e">KOLEKSI TERBUKA</subfield>
  </datafield>
 </record>
</collection>
